A perem művészete
Elmentve itt :
| Szerző: | |
|---|---|
| Adatforrás: | Philobibl |
| Forrásdokumentuma: | Korunk 24.2013:12. p. 26-31. |
| Dokumentumtípus: | Cikk |
| Nyelv: | magyar |
| Kulcsszavak: | művészetelmélet perem esztétika alkotás tekintet |
| LEADER | 00395nab a2200157 c 4500 | ||
|---|---|---|---|
| 001 | bibPHI0044732 | ||
| 005 | 20200924125336.3 | ||
| 008 | 140602s2013 rm hun | ||
| 100 | 1 | |a Tamás Dénes | |
| 245 | 1 | 2 | |a A perem művészete |c Tamás Dénes |
| 695 | |a művészetelmélet | ||
| 695 | |a perem | ||
| 695 | |a esztétika | ||
| 695 | |a alkotás | ||
| 695 | |a tekintet | ||
| 773 | 0 | |t Korunk |g 24.2013:12. p. 26-31. | |